000 00352nam a2200133Ia 4500
008 151001s9999||||xx |||||||||||||| ||und||
100 _aजनार्दन ओक
245 _aसापळा
250 _a1
260 _b"निखील प्रकाशन, कोल्हापूर"
260 _c2012
300 _a231
365 _b18
999 _c999736
_d999733